000 00237nam a2200097Ia 4500
008 240625s9999 xx 000 0 und d
041 _aeng
082 _a808.20 SIN
100 _aSINGH PRANAV
245 _aSALES ANALYSIS FOR CONSUMER BUSINESS
999 _c36224
_d36224